Statistiques concernant Les plus grandes villes de Norvège • A-Å

Cliquez ici pour prendre le quiz!

Statistiques générales

  • Ce quiz a été pris 69 fois
  • Le résultat moyen est 5 sur 20

Statistiques - réponses

#Ville norvègienne% Correct
OOslo
100%
BBergen
79%
TTrondheim
52%
SStavanger
38%
ÅÅlesund
33%
KKristiansand
24%
DDrammen
21%
NNarvik
19%
FFredrikstad
17%
HHaugesund
17%
AArendal
12%
PPorsgrunn
9%
LLarvik
7%
MMoss
7%
EElverum
5%
GGjøvik
5%
JJessheim
3%
UUlsteinvik
2%
VVennesla
2%
RRåholt
0%

Distribution des résultats

Percentile par nombre de réponses

% des personnes avec chaque résultat

Votre développement - résultats

Vous n’avez pas pris ce quiz